书目信息 |
| 题名: |
建筑装饰工程施工项目管理
|
|
| 作者: | 毛桂平 , 周任 主编 | |
| 分册: | ||
| 出版信息: | 2005.10 |
|
| 页数: | 240页 | |
| 开本: | 20cm | |
| 丛书名: | 高等职业院校国家技能型·建筑装饰专业 | |
| 单 册: | ||
| 中图分类: | TU71 | |
| 科图分类: | ||
| 主题词: | ||
| 电子资源: | ||
| ISBN: | 7-121-02005-X | |
| 000 | 00666nam0 2200205 450 | |
| 001 | 0656461071 | |
| 005 | 20071217110621.20 | |
| 010 | @a7-121-02005-X@dCNY 22.00 | |
| 100 | @a20060429d2005 km y0chiy0120 ea | |
| 101 | 0 | @achi |
| 200 | 1 | @a建筑装饰工程施工项目管理@Ajian zhu zhuang shi gong cheng shi gong xiang mu guan li@f毛桂平,周任主编@Fmao gui ping,zhou ren zhu bian |
| 210 | @d2005.10 | |
| 215 | @a240页@d20cm | |
| 225 | 2 | @a高等职业院校国家技能型·建筑装饰专业 |
| 410 | 0 | @12001 @a高等职业院校国家技能型·建筑装饰专业 |
| 690 | @aTU71@v4 | |
| 701 | 0 | @a毛桂平@Amao gui ping@4主编 |
| 701 | 0 | @a周任@Azhou ren@4主编 |
| 801 | 0 | @aCN@c20071217 |
| 905 | @dTU71@eM342 | |
| 建筑装饰工程施工项目管理/毛桂平,周任主编.-2005.10 |
| 240页;20cm.-(高等职业院校国家技能型·建筑装饰专业) |
| ISBN 7-121-02005-X:CNY 22.00 |
| ● |
| 相关链接 |
|
|
|
正题名:建筑装饰工程施工项目管理
索取号:TU71/M342
 
预约/预借
| 序号 | 登录号 | 条形码 | 馆藏地/架位号 | 状态 | 备注 |
| 1 | 450848 | 204508489 | 管理学院资料室/101建筑库 54排3列5层/ [索取号:TU71/M342] | 在馆 | |
| 2 | 592355 | 205923553 | 管理学院资料室/101建筑库 54排3列5层/ [索取号:TU71/M342] | 在馆 | |
| 3 | 592356 | 205923562 | 管理学院资料室/101建筑库 54排3列5层/ [索取号:TU71/M342] | 在馆 | |
| 4 | 592357 | 205923571 | 建筑库201/201建筑库 16排1列1层/ [索取号:TU71/M342] | 在馆 | |
| 5 | 602909 | 206029091 | 建筑库201/201建筑库 16排1列1层/ [索取号:TU71/M342] | 在馆 | |
| 6 | 602910 | 206029108 | 建筑库201/201建筑库 16排1列1层/ [索取号:TU71/M342] | 在馆 | |
| 7 | 602911 | 206029117 | 土木与交通工程学院资料室/土木与交通学院资料室 1排1列1层/ [索取号:TU71/M342] | 在馆 |